000 00327nam a22001457a 4500
003 SGT
020 _a9789381384527
082 _a070.4
_bROY
100 _aROY BARUN
245 _aBEGINNERS' FUIDE TO JOURNALISM & MASS COMMUNICATION
260 _aINDIA
_c2023
_bV & S PUB.
300 _a216
650 _aBJMC
942 _2ddc
_cBK
999 _c32124
_d32124